ACI detailing manual-- 1980 /

Bibliographic Details
Corporate Author: American Concrete Institute. Committee 315
Format: Book
Language:English
Published: Detroit (P.O. Box 19150, Detroit 48219) : American Concrete Institute, [1980]
Series:Publication SP ; SP-66.
Subjects:

MARC

Tag First Indicator Second Indicator Subfields
LEADER 00000cam a2200000 a 4500
001 in00000076217
005 20151008060502.0
008 810813s1980 miua 00110 eng
010 |a  80068476  
035 |a (OCoLC)07736280 
035 |9 AAJ5852AM 
039 0 |a 2  |b 3  |c 3  |d 3  |e 3 
040 |a DLC  |c DLC  |d TXA  |d UtOrBLW 
049 |a TXAM  |c [1804990] 
050 0 0 |a TA683.28  |b .A43 1980 
082 0 |a 624/.18341  |2 19 
110 2 |a American Concrete Institute.  |b Committee 315. 
245 1 0 |a ACI detailing manual-- 1980 /  |c ACI Committee 315, Details of Concrete Reinforcement. 
264 1 |a Detroit (P.O. Box 19150, Detroit 48219) :  |b American Concrete Institute,  |c [1980] 
264 4 |c ©1980 
300 |a 206 pages (some folded) :  |b illustrations ;  |c 29 cm. 
336 |a text  |b txt  |2 rdacontent 
337 |a unmediated  |b n  |2 rdamedia 
338 |a volume  |b nc  |2 rdacarrier 
490 1 |a Publication / American Concrete Institute ;  |v SP-66 
500 |a Includes index. 
505 0 |a Details and detailing of concrete reinforcement (ACI 315-80)--Manual of engineering and placing drawings for reinforced concrete structures (ACI 315R-80)--Supporting reference data. 
650 0 |a Reinforced concrete construction  |v Handbooks, manuals, etc. 
650 0 |a Structural drawing  |x Handbooks, manuals, etc. 
830 0 |a Publication SP ;  |v SP-66. 
999 |a MARS 
999 f f |s 5bf0e50f-0b68-3a77-a6a4-193f896d14e6  |i e09baaaa-86fe-34f1-905f-05c0678fbc8b  |t 0 
952 f f |p ric  |a Texas A&M University  |b Rellis Campus  |c Joint Library Facility  |d Remote Storage  |t 0  |e TA683.28 .A43 1980  |h Library of Congress classification  |i unmediated -- volume  |m A14806243637 
998 f f |a TA683.28 .A43 1980  |t 0  |l Remote Storage